[Event "IECC O email"]
[Site "IECC email"]
[Date "1999.01.21"]
[Round "?"]
[White "Burton West, Roger"]
[Black "McGinnis, Chad"]
[Result "0-1"]
[WhiteElo "1011"]
[BlackElo "920"]
[PlyCount "58"]
[EventDate "1999.??.??"]
[EventType "tourn (corr)"]
[EventRounds "6"]
[SourceTitle "Corr 2008"]
[Source "ChessBase"]
[SourceDate "2008.06.24"]
[SourceVersion "1"]
[SourceVersionDate "2008.06.24"]
[SourceQuality "1"]

1. Nc3 Nc6 2. e4 Nf6 3. d3 e5 4. f3 Bc5 5. Nge2 d5 6. Ng3 Be6 7. Be2 Bb6 8. Nb5 0-0 9. Qd2 Nxe4 10. fxe4 Qf6 11. Nh5 Qf2+ 12. Kd1 Qxg2 13. Qe3 Qxh1+ 14. Kd2 Bxe3+ 15. Kxe3 Qg1+ 16. Kd2 Qxh2 17. Nxc7 Bg4 18. Ng3 d4 19. b3 Rad8 20. Ba3 Qf2 21. Nd5 b5 22. Bc5 Rfe8 23. a4 Re6 24. axb5 Rh6 25. bxc6 Rh3 26. Ne7+ Kh8 27. Rxa7 Qe3+ 28. Kd1 Bxe2+ 29. Nxe2 Rh1+ 0-1